Đối thoại chiều Tập truyện ngắn
Spremljeno u:
| Glavni autor: | |
|---|---|
| Format: | Knjiga |
| Jezik: | Undetermined |
| Izdano: |
Hà Nội
Hội Nhà văn
2005
|
| Teme: | |
| Oznake: |
Dodaj oznaku
Bez oznaka, Budi prvi tko označuje ovaj zapis!
|
| Thư viện lưu trữ: | Trung tâm Học liệu Trường Đại học Cần Thơ |
|---|
| LEADER | 00579nam a2200205Ia 4500 | ||
|---|---|---|---|
| 001 | CTU_87311 | ||
| 008 | 210402s9999 xx 000 0 und d | ||
| 020 | |c 24000 | ||
| 082 | |a 895.9223 | ||
| 082 | |b L305 | ||
| 100 | |a Nguyễn Phương Liên | ||
| 245 | 0 | |a Đối thoại chiều | |
| 245 | 0 | |b Tập truyện ngắn | |
| 245 | 0 | |c Nguyễn Phương Liên | |
| 260 | |a Hà Nội | ||
| 260 | |b Hội Nhà văn | ||
| 260 | |c 2005 | ||
| 650 | |a short stories,vietnamese | ||
| 904 | |i Trúc | ||
| 980 | |a Trung tâm Học liệu Trường Đại học Cần Thơ | ||